=LDR 00000nam 2200000 4500 =001 INLIS000000000006935 =005 20200311100104 =035 ##$$a 0010-061300000006935 =008 200311################g##########0#ind## =041 ##$$a Ind =082 ##$$a 251 =090 ##$$a 251, Pal p =100 ##$$a Palilu, Daud =245 1#$$a Pancaran kasih surgawi /$c Pdt. Dr. Daud Palilu =260 ##$$a Jakarta :$b Pustaka Sinar Harapan,$c 1995 =300 ##$$a ix, 207 hlm., ; $c 20 x 14 cm. =650 #4$$a Khotbah (Kristen) =084 ##$$a 251 PAL p =990 ##$$a 92.797/Pb-96 =990 ##$$a 92.798/Pb-96 =990 ##$$a 92.798/Pb-96 =990 ##$$a 92.797/Pb-96 =990 ##$$a 92.797/Pb-96 =990 ##$$a 92.798/Pb-96 =990 ##$$a DW00022312 =990 ##$$a 92.797/Pb-96 =990 ##$$a 92.798/Pb-96 =990 ##$$a DW00022311 =990 ##$$a 92.797/Pb-96 =990 ##$$a 92.798/Pb-96 =990 ##$$a DW00022312 =990 ##$$a 104.009 pro.96 =990 ##$$a 92.797/Pb-96 =990 ##$$a 92.798/Pb-96 =990 ##$$a DW00022311 =990 ##$$a DW00022311 =990 ##$$a 92.797/Pb-96 =990 ##$$a 92.798/Pb-96 =990 ##$$a 104.009 pro.96